=LDR 00000nam 2200000 4500 =001 INLIS000000000001671 =005 20130612090055 =008 ***********************************Ind** =035 ##$$0010-061300000001671 =041 ##$$a Ind =082 ##$$a 530.07 =090 ##$$a 530.07, Kon-k =245 ##$$a Konsep-konsep Fisika untuk SLTP =260 ##$$a 2000 $b Semarang =300 ##$$a ...jil, ilus, 28 cm =650 ##$$a Fisika =650 ##$$a SLTP =850 ##$$a NBPNMAT